عرض عادي عرض مارك
  • Marshall, William J.,

مدخل إسم شخص

عدد التسجيلات المستخدمة في: 1

001 - رقم الضبط

  • حقل الضبط: 36322

003 - معرف رقم الضبط

  • حقل الضبط: OSt

005 - تاريخ ووقت أخر عملية

  • حقل الضبط: 20130803120221.0

008 - عناصر بيانات ثابتة الطول

  • حقل تحكم ثابت الطول: 130803|||a|||||| | ||| d

040 ## - مصدر الفهرسة

  • هيئة الفهرسة الأصلية: OSt
  • وكالة الكتابة: OSt

100 ## - مدخل -- أسم شخص

  • إسم شخص: Marshall, William J.,
  • العنوان و الكلمات الأخري المرتبطة بالأسم: ph. D.

670 ## - بيانات المصدر موجوده

  • الاستشهاد بالمصدر: Work cat.: (OSt): Marshall, William J., ph. D., Clinical chemistry /, 2012.